[Event "Groningen op-A 50th"]
[Site "Groningen"]
[Date "2012.12.23"]
[Round "3"]
[White "Van der Auweraert, Elwin"]
[Black "Lyell, Mark"]
[Result "1-0"]
[WhiteElo "2126"]
[BlackElo "2226"]
[PlyCount "107"]
[EventDate "2012.12.21"]
[EventType "swiss"]
[EventRounds "9"]
[EventCountry "NED"]
[SourceTitle "CBM 152 Extra"]
[Source "ChessBase"]
[SourceDate "2013.02.25"]
[SourceVersion "1"]
[SourceVersionDate "2013.02.25"]
[SourceQuality "1"]

1. e4 e5 2. Nf3 Nc6 3. Bb5 f5 4. Nc3 fxe4 5. Nxe4 Nf6 6. Nxf6+ Qxf6 7. Qe2 Be7 8. Bxc6 bxc6 9. Nxe5 0-0 10. 0-0 Qe6 11. Re1 Bc5 12. Nf3 Qxe2 13. Rxe2 d6 14. d4 Bb6 15. a4 a5 16. Be3 Rb8 17. Nd2 Ba7 18. b3 Re8 19. Ree1 Bf5 20. Rac1 Be6 21. f3 Rb4 22. c4 Bf5 23. Kf2 Rbb8 24. g4 Bg6 25. f4 Re7 26. Kf3 Kf8 27. f5 Bf7 28. Re2 Rxe3+ 29. Kxe3 Re8+ 30. Kd3 Rxe2 31. Kxe2 Bxd4 32. Kd3 Bf6 33. Nf3 c5 34. g5 Bd8 35. h4 Be8 36. Ke4 Bc6+ 37. Kf4 Bd7 38. Nd2 c6 39. Nf3 Bc7 40. Ke4 g6 41. f6 Bf5+ 42. Ke3 Bb6 43. Kd2 Be4 44. Ne1 d5 45. Nd3 Bc7 46. cxd5 Bxd5 47. Nxc5 Bg3 48. Ke3 Bxh4 49. Kf4 h6 50. gxh6 Kg8 51. Ne4 Kh7 52. Rh1 g5+ 53. Nxg5+ Bxg5+ 54. Kxg5 1-0

[Event "Groningen op-A 50th"]
[Site "Groningen"]
[Date "2012.12.21"]
[Round "1"]
[White "Van Assendelft, Floris"]
[Black "Van der Auweraert, Elwin"]
[Result "1-0"]
[WhiteElo "2403"]
[BlackElo "2126"]
[PlyCount "125"]
[EventDate "2012.12.21"]
[EventType "swiss"]
[EventRounds "9"]
[EventCountry "NED"]
[SourceTitle "CBM 152 Extra"]
[Source "ChessBase"]
[SourceDate "2013.02.25"]
[SourceVersion "1"]
[SourceVersionDate "2013.02.25"]
[SourceQuality "1"]

1. e4 c5 2. Nf3 d6 3. c3 Nf6 4. Be2 Nbd7 5. d3 g6 6. Nbd2 Bg7 7. 0-0 0-0 8. d4 Qc7 9. Re1 b6 10. Bf1 Bb7 11. d5 Rfe8 12. Bc4 Rab8 13. h3 Bc8 14. a4 Nf8 15. Bb5 N6d7 16. Nc4 a6 17. Bc6 Rd8 18. Bf4 Ne5 19. Ncxe5 dxe5 20. Bg3 e6 21. b4 exd5 22. exd5 f6 23. Qb3 Kh8 24. bxc5 bxc5 25. Qc4 Nd7 26. Rab1 Nb6 27. Qa2 Bf5 28. Rbd1 g5 29. a5 Nc8 30. Qc4 Qa7 31. Nd2 Nd6 32. Qa2 Bd3 33. f3 f5 34. Bf2 Qf7 35. Bxc5 g4 36. hxg4 fxg4 37. Re3 Bf5 38. Nc4 Nxc4 39. Qxc4 Rb7 40. Rf1 g3 41. f4 Bh6 42. Rxg3 Rg8 43. Bf2 Rxg3 44. Bxg3 Qg6 45. Rf3 Bxf4 46. Qc5 Rb1+ 47. Be1 Rxe1+ 48. Kf2 Bh6 49. Kxe1 Qxg2 50. Qf2 Qh1+ 51. Qf1 Qh5 52. Qf2 Qh1+ 53. Ke2 Bg4 54. d6 Bxf3+ 55. Qxf3 Qxf3+ 56. Kxf3 Kg7 57. Ke4 Kf6 58. Kd5 Bd2 59. c4 Bxa5 60. Be8 Bb4 61. c5 e4 62. c6 e3 63. Bh5 1-0

[Event "Vlissingen HZ op 16th"]
[Site "Vlissingen"]
[Date "2012.08.11"]
[Round "9"]
[White "Karavade, Eesha"]
[Black "Van der Auweraert, Elwin"]
[Result "1-0"]
[WhiteElo "2371"]
[BlackElo "2101"]
[PlyCount "63"]
[EventDate "2012.08.04"]
[EventType "swiss"]
[EventRounds "9"]
[EventCountry "NED"]
[SourceTitle "CBM 149 Extra"]
[Source "ChessBase"]
[SourceDate "2012.08.24"]
[SourceVersion "1"]
[SourceVersionDate "2012.08.24"]
[SourceQuality "1"]

1. Nf3 Nf6 2. c4 c6 3. g3 g6 4. b3 Bg7 5. Bb2 0-0 6. Bg2 d5 7. 0-0 Nbd7 8. cxd5 cxd5 9. Nc3 b6 10. Rc1 Bb7 11. Qc2 Rc8 12. Qb1 a6 13. d4 e6 14. a4 Re8 15. Ba3 Ne4 16. Nxe4 dxe4 17. Nd2 Rxc1 18. Rxc1 f5 19. Nc4 Qb8 20. Bd6 Qa7 21. e3 Rc8 22. Bf4 Bd5 23. Bf1 b5 24. Na5 Rxc1 25. Qxc1 bxa4 26. Qc8+ Nf8 27. bxa4 Qb6 28. Qxa6 Qb1 29. Nc6 Bb3 30. Ne7+ Kh8 31. Qc8 h5 32. Nxg6+ 1-0

[Event "Vlissingen HZ op 16th"]
[Site "Vlissingen"]
[Date "2012.08.06"]
[Round "4"]
[White "Van der Auweraert, Elwin"]
[Black "Sowray, Peter John"]
[Result "1/2-1/2"]
[WhiteElo "2101"]
[BlackElo "2375"]
[PlyCount "199"]
[EventDate "2012.08.04"]
[EventType "swiss"]
[EventRounds "9"]
[EventCountry "NED"]
[SourceTitle "CBM 149 Extra"]
[Source "ChessBase"]
[SourceDate "2012.08.24"]
[SourceVersion "1"]
[SourceVersionDate "2012.08.24"]
[SourceQuality "1"]

1. d4 d5 2. c4 c6 3. Nf3 Nf6 4. e3 Bg4 5. Nbd2 Nbd7 6. Qc2 e6 7. Bd3 Bd6 8. b3 Bh5 9. 0-0 Bg6 10. e4 dxe4 11. Nxe4 Nxe4 12. Bxe4 Bxe4 13. Qxe4 Nf6 14. Qe2 0-0 15. Bb2 Qe7 16. Rad1 Ba3 17. Bxa3 Qxa3 18. Ne5 Rad8 19. Rd3 Qe7 20. Rfd1 Rd6 21. f4 Rfd8 22. g4 Nd7 23. c5 Rd5 24. Nc4 Nf6 25. g5 Ne8 26. Qh5 g6 27. Qe2 Ng7 28. Ne3 R5d7 29. Ng4 Ne8 30. Qe5 h5 31. gxh6 Kh7 32. Qe1 Rd5 33. Ne5 Qf6 34. Qf2 Nc7 35. a4 Na6 36. Qd2 Qf5 37. b4 Rg8 38. Rg3 Nb8 39. Rg5 Qf6 40. Ng4 Qe7 41. Rxd5 cxd5 42. Ne5 Nd7 43. Nf3 Nf6 44. b5 Ne4 45. Ng5+ Kxh6 46. Nxe4 dxe4 47. Qe3 Qh4 48. Rd2 f5 49. Qg3 Qf6 50. h4 Rd8 51. Kf2 Kg7 52. Qg5 Rh8 53. Kg3 Qf8 54. Kf2 Rh5 55. Qg3 Qd8 56. c6 bxc6 57. bxc6 Qd6 58. d5 Rh8 59. Qc3+ Kh7 60. dxe6 Qxf4+ 61. Ke2 Qg4+ 62. Ke1 Qg1+ 63. Ke2 Qg4+ 64. Kf1 Qf4+ 65. Ke1 Rb8 66. Rd7+ Kh6 67. Rb7 e3 68. Qg7+ Kh5 69. Qh7+ Kg4 70. Qxg6+ Kh3 71. Qg1 Rxb7 72. cxb7 Qb4+ 73. Ke2 f4 74. e7 Qb2+ 75. Kf3 Qxb7+ 76. Kxf4 Qc7+ 77. Kf3 Qb7+ 78. Ke2 Qxe7 79. h5 Kh4 80. h6 Qc5 81. Qxe3 Qc2+ 82. Kf3 Qd1+ 83. Qe2 Qb3+ 84. Kf4 Qg3+ 85. Kf5 Qg5+ 86. Ke4 Qg6+ 87. Kd5 Qf5+ 88. Qe5 Qd7+ 89. Kc5 Qc8+ 90. Kb4 Qb7+ 91. Qb5 Qe7+ 92. Qc5 Qe1+ 93. Kb5 Kh3 94. Qxa7 Qe2+ 95. Ka5 Qd2+ 96. Ka6 Qd3+ 97. Kb7 Qd7+ 98. Ka6 Qxa4+ 99. Kb6 Qd4+ 100. Ka6 1/2-1/2

[Event "Vlissingen HZ op 16th"]
[Site "Vlissingen"]
[Date "2012.08.05"]
[Round "2"]
[White "Van der Auweraert, Elwin"]
[Black "Raznikov, Danny"]
[Result "1/2-1/2"]
[WhiteElo "2101"]
[BlackElo "2462"]
[PlyCount "150"]
[EventDate "2012.08.04"]
[EventType "swiss"]
[EventRounds "9"]
[EventCountry "NED"]
[SourceTitle "CBM 149 Extra"]
[Source "ChessBase"]
[SourceDate "2012.08.24"]
[SourceVersion "1"]
[SourceVersionDate "2012.08.24"]
[SourceQuality "1"]

1. e4 c5 2. Nf3 d6 3. d4 cxd4 4. Nxd4 Nf6 5. Nc3 a6 6. Be2 e5 7. Nb3 Be7 8. 0-0 0-0 9. Re1 Be6 10. Bf1 Nbd7 11. Nd5 Nxd5 12. exd5 Bf5 13. a4 Rc8 14. c3 Bg5 15. Bxg5 Qxg5 16. Na5 Rc7 17. Nc4 Qf6 18. a5 Re8 19. Ra4 e4 20. Rb4 Ne5 21. Nd2 Rce7 22. Nxe4 Qg6 23. Nd2 Bc2 24. Qe2 Nf3+ 25. Nxf3 Rxe2 26. Rxe2 Rxe2 27. Bxe2 Qh6 28. h3 Qc1+ 29. Kh2 g6 30. Rxb7 Be4 31. Bxa6 Bxd5 32. Rb8+ Kg7 33. Rb4 Qa1 34. Bb7 Bxb7 35. Rxb7 Qxa5 36. Rb4 h6 37. Nd4 Qe5+ 38. g3 h5 39. h4 f6 40. Rb5 Qe1 41. Kg2 Kh6 42. Rb6 Qe4+ 43. Kg1 Qe5 44. Rb5 Qe1+ 45. Kg2 Qe4+ 46. Kg1 Kg7 47. Rb6 Qe5 48. Rb5 Qe1+ 49. Kg2 Qe4+ 50. Kg1 Kh7 51. Rb6 g5 52. Rxd6 gxh4 53. gxh4 Qg4+ 54. Kf1 Qd1+ 55. Kg2 Qg4+ 56. Kf1 Qxh4 57. Rd7+ Kg8 58. Rd8+ Kf7 59. Rd7+ Ke8 60. Re7+ Kf8 61. Re3 Qh1+ 62. Ke2 h4 63. Ne6+ Kf7 64. Nf4 Qb1 65. b4 Qc2+ 66. Ke1 f5 67. Nh3 Kg6 68. Kf1 Qd1+ 69. Kg2 Kf6 70. Rf3 Qd5 71. Ng1 Qc4 72. Kh2 Qf1 73. Nh3 Ke5 74. Re3+ Kf6 75. Rf3 Ke5 1/2-1/2

[Event "Leiden LCT op-A 6th"]
[Site "Leiden"]
[Date "2012.07.14"]
[Round "7"]
[White "Vrublevskaya, Olga"]
[Black "Van der Auweraert, Elwin"]
[Result "0-1"]
[WhiteElo "2129"]
[BlackElo "2078"]
[PlyCount "80"]
[EventDate "2012.07.06"]
[EventType "swiss"]
[EventRounds "9"]
[EventCountry "NED"]
[SourceTitle "CBM 149 Extra"]
[Source "ChessBase"]
[SourceDate "2012.08.24"]
[SourceVersion "1"]
[SourceVersionDate "2012.08.24"]
[SourceQuality "1"]

1. d4 Nf6 2. c4 e6 3. Nf3 b6 4. a3 Bb7 5. Nc3 Be7 6. d5 d6 7. g3 e5 8. Bg2 0-0 9. 0-0 a5 10. Rb1 Nbd7 11. b4 h6 12. e4 Re8 13. h3 Bf8 14. Be3 Nh7 15. Ne1 g6 16. Qd2 h5 17. Nd3 axb4 18. axb4 Ba6 19. Qa2 Bg7 20. Qb3 f5 21. Rfd1 Qf6 22. Qa4 Ndf8 23. Qc6 Reb8 24. Qxc7 Rc8 25. Qxb6 Bxc4 26. Ra1 Rxa1 27. Rxa1 Bxd3 28. Nb5 Bxb5 29. Qxb5 fxe4 30. Qb7 Rc2 31. b5 Bh6 32. Rf1 Bxe3 33. fxe3 Qg5 34. Qf7+ Kh8 35. Qe8 Qxe3+ 36. Kh2 Rf2 37. Rg1 Ng5 38. Kh1 Kg8 39. Qd8 Nf3 40. b6 Rxg2 0-1

[Event "Leiden LCT op-A 6th"]
[Site "Leiden"]
[Date "2012.07.12"]
[Round "6"]
[White "Van der Auweraert, Elwin"]
[Black "Van der Marel, Bert"]
[Result "1-0"]
[WhiteElo "2078"]
[BlackElo "2155"]
[PlyCount "105"]
[EventDate "2012.07.06"]
[EventType "swiss"]
[EventRounds "9"]
[EventCountry "NED"]
[SourceTitle "CBM 149 Extra"]
[Source "ChessBase"]
[SourceDate "2012.08.24"]
[SourceVersion "1"]
[SourceVersionDate "2012.08.24"]
[SourceQuality "1"]

1. e4 e5 2. Nf3 Nc6 3. Bb5 Nge7 4. 0-0 g6 5. c3 Bg7 6. d4 0-0 7. Bg5 f6 8. Be3 d6 9. Nbd2 h6 10. d5 Nb8 11. Ne1 f5 12. f4 exf4 13. Bxf4 g5 14. Be3 Nd7 15. Bxd7 Bxd7 16. Bd4 Ng6 17. Bxg7 Kxg7 18. Nef3 f4 19. Nc4 Qf6 20. Qd4 Rfe8 21. Rfe1 Ne5 22. Nfxe5 dxe5 23. Qc5 Rac8 24. Qxa7 b6 25. d6 Qf7 26. Nd2 cxd6 27. Qxb6 Re6 28. Qf2 g4 29. a4 Rg6 30. g3 h5 31. Kf1 Rf6 32. Ke2 d5 33. Kd1 Rb8 34. b3 dxe4 35. Rxe4 Rxb3 36. Rxe5 Rxc3 37. Qd4 Rcc6 38. Ne4 fxg3 39. hxg3 Kg8 40. Nxf6+ Qxf6 41. Qd5+ Kf8 42. Ke2 Rc2+ 43. Kd3 Rf2 44. Qc5+ Kf7 45. Qd5+ Kf8 46. Rae1 Qg6+ 47. R1e4 Rf3+ 48. Kd4 Qg7 49. Rf4+ Rxf4+ 50. gxf4 g3 51. Qa8+ Kf7 52. Qd8 Kg6 53. Qg5+ 1-0

[Event "Leiden LCT op-A 6th"]
[Site "Leiden"]
[Date "2012.07.06"]
[Round "1"]
[White "Nikolic, Predrag"]
[Black "Van der Auweraert, Elwin"]
[Result "1-0"]
[WhiteElo "2636"]
[BlackElo "2078"]
[PlyCount "93"]
[EventDate "2012.07.06"]
[EventType "swiss"]
[EventRounds "9"]
[EventCountry "NED"]
[SourceTitle "CBM 149 Extra"]
[Source "ChessBase"]
[SourceDate "2012.08.24"]
[SourceVersion "1"]
[SourceVersionDate "2012.08.24"]
[SourceQuality "1"]

1. d4 Nf6 2. Nf3 e6 3. c4 b6 4. g3 Bb7 5. Bg2 c5 6. d5 exd5 7. Nh4 g6 8. Nc3 Bg7 9. 0-0 0-0 10. Bg5 Na6 11. Nxd5 Bxd5 12. Bxd5 Rb8 13. Bg2 d6 14. Qa4 Nc7 15. Qxa7 Ne6 16. Bd2 d5 17. cxd5 Ra8 18. Qb7 Rb8 19. Qa6 Nxd5 20. Rad1 Ndc7 21. Qa3 Qe7 22. e3 Rfc8 23. Qb3 b5 24. Bc3 c4 25. Qc2 Bxc3 26. Qxc3 Na6 27. Nf3 b4 28. Qc2 b3 29. axb3 Rxb3 30. Nd2 Nb4 31. Qe4 Rxb2 32. Nxc4 Rb3 33. Nb6 Rb8 34. Qc4 Rb2 35. Nd7 Rd8 36. Ne5 Rxd1 37. Rxd1 Qc5 38. Qe4 Qc2 39. Qf3 Ng5 40. Qa8+ Kg7 41. Rf1 Qf5 42. Nc4 Rb1 43. f4 Rxf1+ 44. Bxf1 Ne6 45. Ne5 Qf6 46. Qb7 Nc2 47. Qb3 1-0

[Event "NED-ch U20"]
[Site "Haarlem"]
[Date "2012.05.06"]
[Round "9"]
[White "Van der Auweraert, Elwin"]
[Black "Klapwijk, Bram"]
[Result "1-0"]
[WhiteElo "1976"]
[BlackElo "2060"]
[PlyCount "83"]
[EventDate "2012.04.28"]
[EventType "swiss"]
[EventRounds "9"]
[EventCountry "NED"]
[SourceTitle "EXT 2013"]
[Source "ChessBase"]
[SourceDate "2012.11.22"]
[SourceVersion "1"]
[SourceVersionDate "2012.11.22"]
[SourceQuality "1"]

1. Nf3 Nf6 2. g3 g6 3. Bg2 Bg7 4. 0-0 0-0 5. c4 d5 6. cxd5 Nxd5 7. Nc3 Nxc3 8. bxc3 c5 9. Qc2 Qc7 10. Bb2 Nc6 11. d4 Be6 12. e4 Bc4 13. Rfd1 e5 14. d5 Na5 15. Nd2 Be2 16. Re1 Bg4 17. f3 Bd7 18. Rad1 b6 19. Nf1 Nb7 20. Ne3 Nd6 21. f4 Rae8 22. f5 f6 23. Rf1 b5 24. Rf2 a5 25. fxg6 hxg6 26. Rdf1 b4 27. c4 a4 28. Qe2 Rb8 29. Ng4 Bxg4 30. Qxg4 Nxc4 31. Qxg6 Qf7 32. Qg4 Ne3 33. Qh4 Nxg2 34. Kxg2 Qg6 35. a3 Rfc8 36. Rxf6 Bxf6 37. Rxf6 Qg7 38. Rf5 bxa3 39. Bxe5 Rb2+ 40. Kh3 a2 41. Bxg7 a1Q 42. Qh8# 1-0

[Event "NED-ch U20"]
[Site "Haarlem"]
[Date "2012.05.04"]
[Round "7"]
[White "Van der Auweraert, Elwin"]
[Black "Lentjes, Noud"]
[Result "1/2-1/2"]
[WhiteElo "1976"]
[BlackElo "1946"]
[PlyCount "35"]
[EventDate "2012.04.28"]
[EventType "swiss"]
[EventRounds "9"]
[EventCountry "NED"]
[SourceTitle "EXT 2013"]
[Source "ChessBase"]
[SourceDate "2012.11.22"]
[SourceVersion "1"]
[SourceVersionDate "2012.11.22"]
[SourceQuality "1"]

1. c4 Nf6 2. Nc3 e6 3. e4 d5 4. e5 d4 5. exf6 dxc3 6. dxc3 Qxd1+ 7. Kxd1 gxf6 8. g3 Bd7 9. Bg2 Bc6 10. Bxc6+ Nxc6 11. Nf3 Bc5 12. Ke2 a5 13. Be3 Bxe3 14. Kxe3 Ke7 15. b3 Rad8 16. Rhd1 h5 17. a3 Ne5 18. Nxe5 1/2-1/2

[Event "NED-ch U20"]
[Site "Haarlem"]
[Date "2012.05.03"]
[Round "6"]
[White "Van Osch, Mees"]
[Black "Van der Auweraert, Elwin"]
[Result "1-0"]
[WhiteElo "2013"]
[BlackElo "1976"]
[PlyCount "87"]
[EventDate "2012.04.28"]
[EventType "swiss"]
[EventRounds "9"]
[EventCountry "NED"]
[SourceTitle "EXT 2013"]
[Source "ChessBase"]
[SourceDate "2012.11.22"]
[SourceVersion "1"]
[SourceVersionDate "2012.11.22"]
[SourceQuality "1"]

1. e4 c5 2. Nf3 d6 3. d4 cxd4 4. Nxd4 Nf6 5. Nc3 a6 6. Be3 e5 7. Nb3 Be6 8. Qd2 Nbd7 9. 0-0-0 Rc8 10. f4 Be7 11. Kb1 0-0 12. f5 Bc4 13. g4 d5 14. exd5 Bb4 15. Bxc4 Rxc4 16. Qe2 Rxc3 17. bxc3 Ne4 18. Bd2 Nxc3+ 19. Bxc3 Bxc3 20. Qc4 Qc8 21. Qxc8 Rxc8 22. Rd3 b5 23. Rhd1 f6 24. Nd2 Bb4 25. d6 Kf8 26. h4 Nc5 27. Rd5 Rd8 28. c3 Ba3 29. Kc2 Nd7 30. Ne4 Nb6 31. R5d3 Nc4 32. Rg1 Bxd6 33. g5 Be7 34. gxf6 Bxf6 35. Rxd8+ Bxd8 36. Kd3 Bb6 37. Rg3 Kf7 38. Ng5+ Kf6 39. Nxh7+ Kxf5 40. Rxg7 e4+ 41. Ke2 Ne5 42. Rg5+ Ke6 43. Nf8+ Kd6 44. Rxe5 1-0

[Event "NED-ch U20"]
[Site "Haarlem"]
[Date "2012.04.29"]
[Round "2"]
[White "Van der Auweraert, Elwin"]
[Black "Hendrikse, Arnoud"]
[Result "1-0"]
[WhiteElo "1976"]
[BlackElo "1795"]
[PlyCount "117"]
[EventDate "2012.04.28"]
[EventType "swiss"]
[EventRounds "9"]
[EventCountry "NED"]
[SourceTitle "EXT 2013"]
[Source "ChessBase"]
[SourceDate "2012.11.22"]
[SourceVersion "1"]
[SourceVersionDate "2012.11.22"]
[SourceQuality "1"]

1. e4 d6 2. b3 Nf6 3. d3 e5 4. Bb2 Nc6 5. Ne2 g6 6. g3 Be6 7. Bg2 Qd7 8. 0-0 Bh3 9. f4 Bg7 10. f5 Bxg2 11. Kxg2 gxf5 12. Rxf5 0-0-0 13. Qf1 Qe6 14. Qf3 Ne7 15. c4 Nxf5 16. exf5 Qd7 17. Na3 Rhe8 18. Qf2 Qc6+ 19. Kh3 Qc5 20. Qf1 a6 21. Nc2 Qc6 22. Nc3 Bh6 23. Nb4 Qd7 24. Nbd5 Bg7 25. Nxf6 Bxf6 26. Nd5 Bg7 27. Kg2 f6 28. b4 Kb8 29. a4 c6 30. Nb6 Qc7 31. a5 d5 32. cxd5 cxd5 33. Rc1 Qd6 34. Rc5 d4 35. Ba3 Rc8 36. Nxc8 Rxc8 37. Rxc8+ Kxc8 38. Qc1+ Kd7 39. Qd1 Qd5+ 40. Kh3 Ke8 41. Qh5+ Qf7 42. Qxh7 Bf8 43. Qxf7+ Kxf7 44. Kg4 Bh6 45. Kf3 Bd2 46. g4 Bg5 47. h3 Ke8 48. Ke4 Kd7 49. Kd5 Kc7 50. Kc5 Kd7 51. b5 Be3 52. bxa6 bxa6 53. Bb4 e4 54. Kc4 exd3 55. Kxd3 Kc6 56. Be7 Bg5 57. Kxd4 Kb5 58. Bd8 Kb4 59. Kd5 1-0

[Event "Leiden Noteboom Memorial-A 72nd"]
[Site "Leiden"]
[Date "2012.02.19"]
[Round "4"]
[White "Van der Auweraert, Elwin"]
[Black "Vereggen, Lars"]
[Result "1-0"]
[WhiteElo "1948"]
[BlackElo "2060"]
[PlyCount "97"]
[EventDate "2012.02.17"]
[EventType "swiss"]
[EventRounds "6"]
[EventCountry "NED"]
[SourceTitle "CBM 147 Extra"]
[Source "ChessBase"]
[SourceDate "2012.04.24"]
[SourceVersion "1"]
[SourceVersionDate "2012.04.24"]
[SourceQuality "1"]

1. e4 c5 2. Nf3 d6 3. d4 cxd4 4. Nxd4 Nf6 5. Nc3 a6 6. Be2 e5 7. Nb3 Be7 8. 0-0 0-0 9. Re1 Be6 10. Bf1 Qc7 11. Nd5 Nxd5 12. exd5 Bf5 13. c3 Bg6 14. Be3 Nd7 15. a4 f5 16. f3 Nf6 17. a5 Qd7 18. Bc4 f4 19. Bf2 e4 20. Nd4 e3 21. Bh4 Bf7 22. Ne6 Bxe6 23. dxe6 Qc7 24. Bxf6 Rxf6 25. Bd5 Rf5 26. c4 Qc5 27. Re2 Kf8 28. Qd3 g6 29. Bxb7 Ra7 30. Bd5 Rc7 31. g4 fxg3 32. hxg3 Bf6 33. Kg2 Qb4 34. Qxe3 Re5 35. Qd2 Rxe2+ 36. Qxe2 Qxb2 37. Qxb2 Bxb2 38. Rb1 Bd4 39. Rb8+ Ke7 40. f4 Bc3 41. Ra8 Bxa5 42. Rxa6 Bb4 43. Ra8 Bc5 44. Kf3 Kf6 45. g4 h6 46. Rh8 Kg7 47. Rg8+ Kf6 48. Ke4 Re7 49. f5 1-0

[Event "Leiden Noteboom Memorial-A 72nd"]
[Site "Leiden"]
[Date "2012.02.18"]
[Round "2"]
[White "Van der Auweraert, Elwin"]
[Black "Wantola, Ivo"]
[Result "0-1"]
[WhiteElo "1948"]
[BlackElo "2325"]
[PlyCount "122"]
[EventDate "2012.02.17"]
[EventType "swiss"]
[EventRounds "6"]
[EventCountry "NED"]
[SourceTitle "CBM 147 Extra"]
[Source "ChessBase"]
[SourceDate "2012.04.24"]
[SourceVersion "1"]
[SourceVersionDate "2012.04.24"]
[SourceQuality "1"]

1. e4 c5 2. Nf3 g6 3. d4 cxd4 4. Nxd4 Nc6 5. c4 Bg7 6. Be3 d6 7. Nc3 Nf6 8. Be2 0-0 9. 0-0 Bd7 10. Qd2 Nxd4 11. Bxd4 Bc6 12. f3 a5 13. b3 Nd7 14. Be3 Nc5 15. Rac1 Qb6 16. Nd5 Bxd5 17. cxd5 Rfc8 18. Rc4 Qd8 19. Rfc1 b6 20. b4 axb4 21. Rxb4 Ra3 22. Bb5 Rca8 23. Rc2 h5 24. Qf2 Qf8 25. Bc1 Rc3 26. a4 Rc8 27. Rc4 Rxc4 28. Rxc4 Nxa4 29. Bc6 Nc5 30. Qa2 f5 31. Be3 f4 32. Bf2 Kh7 33. Qa7 Qf6 34. Bd4 Qf7 35. Qxb6 Bxd4+ 36. Rxd4 Qf6 37. Rd1 Rg8 38. Qa7 g5 39. Qa1 Qxa1 40. Rxa1 Kg7 41. Ra7 Kf6 42. Bd7 Rb8 43. g3 Rb1+ 44. Kg2 Rb2+ 45. Kg1 fxg3 46. hxg3 g4 47. fxg4 Nxd7 48. g5+ Kxg5 49. Rxd7 Kf6 50. e5+ dxe5 51. Ra7 Rd2 52. Ra6+ Kf5 53. Rh6 Kg4 54. Rg6+ Kf3 55. Rg5 e4 56. Rxh5 Rd1+ 57. Kh2 e3 58. Rf5+ Ke4 59. Rf7 e2 60. Rxe7+ Kf3 61. g4 e1Q 0-1